000 00540nam a22001697a 4500
003 OSt
005 20260131022315.0
008 260131b |||||||| |||| 00| 0 eng d
020 _a0-8478-1676-1
040 _aDWC-Main lib.
_cOC
082 _aCirc. 720.922 G989 1993
100 _aEiserman, Peter
245 _aGwathmey Siegel :
_bbuildings and projects, 1982-1992/
_cPeter Eiserman
260 _aNew York :
_b Rizzoli Int'l. Pub.,
_cc1993
300 _a336 p. :
_bcolored illustrations ;
_c28 cm.
942 _2ddc
_cBK-CIRC
_hCirc.
_n0
999 _c8058
_d8058